Az arab országok turizmusa
| Main Author: | |
|---|---|
| Other Authors: | |
| Format: | Thesis |
| Kulcsszavak: | arabok szállodák turizmus turizmusfejlesztés utazási irodák |
| Online Access: | http://dolgozattar.uni-bge.hu/59661 |
MARC
| LEADER | 00000nta a2200000 i 4500 | ||
|---|---|---|---|
| 001 | dolg59661 | ||
| 005 | 20260409145403.0 | ||
| 008 | 260409suuuu hu om 000 hun d | ||
| 040 | |a BGE Dolgozattár Repozitórium |b hun | ||
| 041 | |a hu | ||
| 100 | 1 | |a Kiss Nikolett | |
| 245 | 1 | 3 | |a Az arab országok turizmusa |c Kiss Nikolett |h [elektronikus dokumentum] |
| 520 | 3 | |a Dolgozatom az arab országok turizmusról szól és hogy az utóbbi időben ezekben az országokban milyen fejlesztéseket és kivitelezéseket hajtanak végre a turizmus fellendítése érdekében és milyen érdekes látnivalók vannak ezekben az országokban.A turistákkal kapcsolatos jellemzőket is megvizsgáltuk, hogy hogyan gondolkoznak arról, hogy ezekbe az országokba utazzanak-e.Továbbá szó esik a kultúráról és vallásról is és hogy hogyan befolyásolja mind az ott élők életét illetve a turisták látogatását a térségben. | |
| 695 | |a arabok | ||
| 695 | |a szállodák | ||
| 695 | |a turizmus | ||
| 695 | |a turizmusfejlesztés | ||
| 695 | |a utazási irodák | ||
| 700 | 1 | |a Karsai Dr. Árpád Sándor |e ths | |
| 856 | 4 | 0 | |u http://dolgozattar.uni-bge.hu/59661/1/2.0.pdf |z Dokumentum-elérés |
| 856 | 4 | 0 | |u http://dolgozattar.uni-bge.hu/59661/2/Kiss%20Nikolett%20Bsc%20Magyar%20dolgozat%20angol%20szak%20%20Konzulens%20Karsai%20%C3%81rp%C3%A1d.pdf |z Dokumentum-elérés |
| 856 | 4 | 0 | |u http://dolgozattar.uni-bge.hu/59661/3/Kiss%20Nikolett%20Szakdolgozat%20%C3%A9rt%C3%A9kel%C5%91%20Bsc.pdf |z Dokumentum-elérés |